Švec pro celý svět /
Salvato in:
| Autori principali: | , |
|---|---|
| Natura: | Libro |
| Lingua: | ceco |
| Pubblicazione: |
Praha :
Melantrich,
1991
|
| Edizione: | 1.vyd. |
| Soggetti: | |
| Tags: |
Nessun Tag, puoi essere il primo ad aggiungerne!!
|
MARC
| LEADER | 00000nam a22000003a 4500 | ||
|---|---|---|---|
| 001 | stu2674 | ||
| 005 | 20150617225616.4 | ||
| 008 | 921130s1991----cs------------------cze-d | ||
| 020 | |a 80-7023-106-8 | ||
| 040 | |a STU |b slo | ||
| 041 | 0 | |a cze | |
| 044 | |a cs | ||
| 080 | |a 65.012.4 | ||
| 080 | |a 929 BAA | ||
| 100 | 1 | |a Baťa, Tomáš |4 aut | |
| 245 | 1 | |a Švec pro celý svět / |c [aut.] Baťa,Tomáš; Sinclairová,Soňa | |
| 250 | |a 1.vyd. | ||
| 260 | |a Praha : |b Melantrich, |c 1991 | ||
| 300 | |a 245 s | ||
| 650 | 7 | |a manažment |2 stusub | |
| 700 | 1 | |a Sinclairová, Soňa |4 aut | |
| 996 | |b E77526 |c R*77526 |l RRUM |s A |a 24 |w stu2674_0001 | ||